Deontologa̕ profesional

Detalles Bibliográficos
Autor principal: Vila Ramos, Beatriz
Formato: eBook
Lenguaje:español
Publicado: Madrid: Dykinson, 2013
Materias:
Acceso en línea:Acceso restringido

MARC

LEADER 00000nam a22000007a 4500
005 20131128120945.0
007 cr|||| ||||
008 131128s2013 sp |||||s|||| 00||0 spa d
020 |a 978-84-9031-670-2 
035 |a 11666 
040 |a vLex 
090 |c 4595  |d 4595 
100 1 |a Vila Ramos, Beatriz 
245 1 0 |a Deontologa̕ profesional  |h [Recurso electrn̤ico] /  |c Beatriz Vila Ramos 
256 |a Servicio en ln̕ea 
260 |a Madrid:  |b Dykinson,  |c 2013 
300 |a 1 recurso electrn̤ico 
506 1 |a Contenido solo disponible en los productos indicados  |d vLex Global  |d vLex Global (Academic Edition, excluding Law Schools)  |d vLex Global (U.S. Academic Edition, Law Schools)  |d vLex Global (U.S. Academic Edition, excluding Law Schools)  |d vLex Global (Academic Edition, Law Schools) 
650 0 4 |a Derecho   |x Ética profesional 
650 0 4 |a Derecho y ťica 
740 0 |a vLex Libros (Servicio en ln̕ea) 
856 4 0 |u http://vlex.com/source/deontologia-profesional-11666  |z Acceso restringido 
942 |c BOOK 
999 0 |a Professional ethics